000 01593ctm a2200277 i 4500
003 SA-RiAUC
005 20250530132342.0
008 250527s1920 xx g 000r0 ara c
040 _aSA-JeALM
_bara
_cSA-RiAUC
_erda
082 0 4 _a231
090 _a231
_bش ن ق
100 1 _aالشنقيطي، عبد الله بن إبراهيم العلوي،
_d1150-1235 هجري
_eمؤلف.
245 1 0 _aهدي الأبرار على طلعة الأنوار /
_bمنظومة مع شرحها في مصطلح الحديث ( اختصر بها الفية العراقي )
_cأبو محمد عبد الله إبراهيم العلوي الشنقيطي. تحقيق ابراهيم بن سعد ابا حسين.
250 _aالطبعة الاولى.
264 0 _aالرياض :
_bابراهيم بن سعد ابا حسين .
_c2007
300 _a422 صفحة .
_c24 سم.
336 _aنص
_btxt
_2rdacontent
_3مخطوطة
337 _aبدون وسيط
_bn
_2rdamedia
338 _aمجلد
_bnc
_2rdacarrier
650 7 _aالحديث
_xمصطلح
_vمخطوطات
_2aucsh
700 1 2 _aالحافظ العراقي، عبد الرحيم بن الحسين بن عبد الرحمن،
_d725-806 هجري.
_tالألفية في مصطلح الحديث، المعروفة، بتبصرة المبتدي وتذكرة المنتهي.
700 _aابا حسين، ابراهيم بن سعد
_eمحقق.
740 2 2 _aالألفية في مصطلح الحديث، المعروفة، بتبصرة المبتدي وتذكرة المنتهي.
942 _2ddc
_cBOOK
_n0
949 _aSA-JeALM
_d250527
_uosman123
_n1
999 _c8509
_d8509